<?xml version="1.0" encoding="UTF-8"?><?xml-stylesheet type="text/xsl" href="static/style.xsl"?><OAI-PMH xmlns="http://www.openarchives.org/OAI/2.0/" xmlns:xsi="http://www.w3.org/2001/XMLSchema-instance" xsi:schemaLocation="http://www.openarchives.org/OAI/2.0/ http://www.openarchives.org/OAI/2.0/OAI-PMH.xsd"><responseDate>2026-04-17T13:54:52Z</responseDate><request verb="GetRecord" identifier="oai:riubu.ubu.es:10259/10477" metadataPrefix="marc">https://riubu.ubu.es/oai/request</request><GetRecord><record><header><identifier>oai:riubu.ubu.es:10259/10477</identifier><datestamp>2025-05-17T00:05:19Z</datestamp><setSpec>com_10259_4219</setSpec><setSpec>com_10259_5086</setSpec><setSpec>com_10259_2604</setSpec><setSpec>col_10259_7349</setSpec></header><metadata><record xmlns="http://www.loc.gov/MARC21/slim" xmlns:doc="http://www.lyncode.com/xoai" xmlns:xsi="http://www.w3.org/2001/XMLSchema-instance" xmlns:dcterms="http://purl.org/dc/terms/" xsi:schemaLocation="http://www.loc.gov/MARC21/slim http://www.loc.gov/standards/marcxml/schema/MARC21slim.xsd">
<leader>00925njm 22002777a 4500</leader>
<datafield tag="042" ind1=" " ind2=" ">
<subfield code="a">dc</subfield>
</datafield>
<datafield tag="720" ind1=" " ind2=" ">
<subfield code="a">Rodríguez García, Bruno</subfield>
<subfield code="e">author</subfield>
</datafield>
<datafield tag="720" ind1=" " ind2=" ">
<subfield code="a">Ceraudo, Giuseppe</subfield>
<subfield code="e">author</subfield>
</datafield>
<datafield tag="720" ind1=" " ind2=" ">
<subfield code="a">Corchia, Laura</subfield>
<subfield code="e">author</subfield>
</datafield>
<datafield tag="720" ind1=" " ind2=" ">
<subfield code="a">De Paolis, Lucio Tommaso</subfield>
<subfield code="e">author</subfield>
</datafield>
<datafield tag="260" ind1=" " ind2=" ">
<subfield code="c">2025-04</subfield>
</datafield>
<datafield tag="520" ind1=" " ind2=" ">
<subfield code="a">This study presents an optimized 3D modelling procedure for the development of immersive Virtual Reality (iVR) experiences. It has been tested by conducting the virtual reconstruction of the Roman city of Aquinum (Italy), a key archaeological site. The resulting 3D model demonstrates a high Level of Detail (LoD) across a total area of 17,570 m2 (2,470 m2 of which are explorable) with a file size of only 46.2 MB, incorporating just six unique textures. This research not only delivers an accurate reconstruction of the city of Aquinum but also introduces an effective optimization method based on open-source tools.</subfield>
</datafield>
<datafield tag="024" ind2=" " ind1="8">
<subfield code="a">979-8-3315-1484-6</subfield>
</datafield>
<datafield tag="024" ind2=" " ind1="8">
<subfield code="a">http://hdl.handle.net/10259/10477</subfield>
</datafield>
<datafield tag="024" ind2=" " ind1="8">
<subfield code="a">10.1109/VRW66409.2025.00370</subfield>
</datafield>
<datafield ind1=" " ind2=" " tag="653">
<subfield code="a">Level of Detail</subfield>
</datafield>
<datafield ind1=" " ind2=" " tag="653">
<subfield code="a">Virtual reality</subfield>
</datafield>
<datafield ind1=" " ind2=" " tag="653">
<subfield code="a">Cultural heritage</subfield>
</datafield>
<datafield ind1=" " ind2=" " tag="653">
<subfield code="a">3D modelling</subfield>
</datafield>
<datafield tag="245" ind1="0" ind2="0">
<subfield code="a">Optimization Strategies for Standalone Virtual Reality Experiences: the Virtual Reconstruction of the City of Aquinum</subfield>
</datafield>
</record></metadata></record></GetRecord></OAI-PMH>